| 000 | 01027cam a2200265 4500 | ||
|---|---|---|---|
| 001 | WB3710-06 | ||
| 008 | 000000n2001 000 0 eng u | ||
| 035 | _a(Sirsi) u111275 | ||
| 245 | _aCanary dictates agents' perches | ||
| 260 | _c2001 | ||
| 490 |
_aEstates Gazette _v(0109) 3 March 2001, 45(1) |
||
| 520 | _aThe findings of the first independent office lettings league table have been released by London Office Database, sister company of Estates Gazette. Canary Wharf is largely responsible for Insignia Richard Ellis's and Knight Frank's position at number one and two, respectively, in the league table. Table. | ||
| 590 | _aWB | ||
| 650 | _aPROPERTY-COMMERCIAL PROPERTY-OFFICE PROPERTY-OFFICE PROPERTY MARKET | ||
| 650 | _aCANARY WHARF | ||
| 650 | _aINSIGNIA RICHARD ELLIS | ||
| 650 | _aKNIGHT FRANK | ||
| 650 | _aRANKINGS | ||
| 650 | _aLETTINGS AGENTS | ||
| 650 | _aLETTINGS MARKET | ||
| 650 | _aLEAGUE TABLE | ||
| 650 | _aCENTRAL LONDON | ||
| 690 | _aPROPERTY-COMMERCIAL PROPERTY | ||
| 942 | _n0 | ||
| 999 |
_c66303 _d66303 |
||